<?xml version="1.0" encoding="UTF-8"?><collection xmlns="info:lc/xmlns/marcxchange-v2"><record format="Unimarc" type="bibliographic"><leader>00549cam 02200205  04500</leader><controlfield tag="001">1979427</controlfield><controlfield tag="003">http://id.bnportugal.gov.pt/bib/porbase/1979427</controlfield><controlfield tag="005">20030504052600.0</controlfield><datafield ind1=" " ind2=" " tag="010"><subfield code="a">0-333-39334-1</subfield></datafield><datafield ind1=" " ind2=" " tag="035"><subfield code="2">48166</subfield></datafield><datafield ind1=" " ind2=" " tag="095"><subfield code="a">PTBN00257770</subfield></datafield><datafield ind1=" " ind2=" " tag="100"><subfield code="a">19880205d1986    k  y0pora0103    ba</subfield></datafield><datafield ind1="0" ind2=" " tag="101"><subfield code="a">eng</subfield></datafield><datafield ind1=" " ind2=" " tag="102"><subfield code="a">GB</subfield></datafield><datafield ind1="1" ind2=" " tag="200"><subfield code="a">Macmillan dictionary of anthropology</subfield></datafield><datafield ind1=" " ind2=" " tag="210"><subfield code="a">London</subfield><subfield code="c">Macmillan</subfield><subfield code="d">1986</subfield></datafield><datafield ind1=" " ind2=" " tag="215"><subfield code="a">305 p.</subfield></datafield><datafield ind1=" " ind2=" " tag="675"><subfield code="a">30</subfield><subfield code="v">med</subfield><subfield code="z">fre</subfield><subfield code="3">288179</subfield></datafield><datafield ind1=" " ind2="1" tag="700"><subfield code="a">Seymour-Smith</subfield><subfield code="b">Charlotte</subfield><subfield code="3">1481091</subfield></datafield><datafield ind1=" " ind2="0" tag="801"><subfield code="a">PT</subfield><subfield code="b">BN</subfield><subfield code="g">RPC</subfield></datafield><datafield ind1=" " ind2=" " tag="977"><subfield code="1">CF-33-112</subfield><subfield code="2">coop</subfield><subfield code="4">UAVSD</subfield><subfield code="6">mq384687</subfield><subfield code="7">bc</subfield><subfield code="8">coop</subfield><subfield code="9">UAVSD</subfield><subfield code="b">47974</subfield><subfield code="k">0</subfield></datafield><datafield ind1=" " ind2=" " tag="998"><subfield code="a">UAVS4 - 00109</subfield></datafield></record></collection>